Hind swaraj : (Record no. 138608)

MARC details
000 -LEADER
fixed length control field 00529nam a22001817a 4500
005 - DATE AND TIME OF LATEST TRANSACTION
control field 20170331151131.0
010 ## - LCCN (DPL NO)
LC control number ENG-117675
020 ## - INTERNATIONAL STANDARD BOOK NUMBER
International Standard Book Number 9788190843195
Terms of availability 150.00
035 ## - SYSTEM CONTROL NUMBER
System control number EN-101207
037 ## - SOURCE OF ACQUISITION
Source of stock number/acquisition DABD/PUB
082 ## - DEWEY DECIMAL CLASSIFICATION NUMBER
Classification number 301.153
100 ## - MAIN ENTRY--PERSONAL NAME
Personal name Mahatma Gandhi
245 ## - TITLE STATEMENT
Title Hind swaraj :
Statement of responsibility, etc by Mahatma Gandhi
Remainder of title Indian home rule /
260 ## - PUBLICATION, DISTRIBUTION, ETC. (IMPRINT)
Place of publication, distribution, etc Delhi
Name of publisher, distributor, etc Maheshwari Publication
Date of publication, distribution, etc 2017
270 ## - ADDRESS
Address G-4/120,Sector-15,Rohini
City Delhi
Postal code 110089
300 ## - PHYSICAL DESCRIPTION
Extent xii,81p.
Dimensions 22cm(pbk)
942 ## - ADDED ENTRY ELEMENTS (KOHA)
Source of classification or shelving scheme Dewey Decimal Classification
Item type English Books
Classification part 301.153
Call number suffix GAN
Holdings
Withdrawn status Lost status Not for loan Collection code Home library Current library Date acquired Source of acquisition Cost, normal purchase price Full call number Barcode Copy number Cost, replacement price Koha item type
      Non-fiction Shahdara Branch Shahdara Branch 31/03/2017 DBAD/PUB 150.00 301.153 GAN EN-101207 1 150.00 English Books

© Delhi Public Library
Hit Counter
free hit counter